000 00867nam0a22002771 4500
001 v19\rc\1795457
005 20250619081540.0
035 _a(NLR Aleph) 004886217
090 _a5222444
_c5222444
100 _a20061204d1905 |||y0rusy50 ca
101 0 _arus
102 _aRU
105 _ay z |||||
200 1 _aПроект переустройства земского самоуправления на новых началах
_fА.В. Рутковский
210 _aСанкт-Петербург
_cтип. И.В. Леонтьева
_d1905
215 _a52 с.
_d25
700 1 _aРутковский
_bА.В.
801 0 _aRU
_bNLR
_gpsbo
801 0 _aRU
_bRuMoRGB
_2psbo
801 1 _aRU
_bProSoft-M
_2rusmarc
852 _aNLR
_j34.52.6.655
899 _aRuMoRGB
_jA 155/527
899 _aБАН
899 _aНБ СПбГУ
942 _cBOOK
980 _aNB